Central Library OPAC University of Rajshahi

Beyond kinship : (Record no. 86220)

MARC details
000 -LEADER
fixed length control field 01286nam a2200373 a 4500
001 - CONTROL NUMBER
control field 86220
003 - CONTROL NUMBER IDENTIFIER
rucl marc code BD-RjUL
005 - DATE AND TIME OF LATEST TRANSACTION
control field 20260226095908.0
008 - FIXED-LENGTH DATA ELEMENTS--GENERAL INFORMATION
fixed length control field 260226s2000 pauab b 001 0 eng
020 ## - INTERNATIONAL STANDARD BOOK NUMBER
International Standard Book Number 0812217233
Qualifying information pbk.
International Standard Book Number 0812235479
Qualifying information acid-free paper
International Standard Book Number 9780812235470
Qualifying information (acid-free paper)
International Standard Book Number 9780812217230
Qualifying information (pbk.)
035 ## - SYSTEM CONTROL NUMBER
System control number 11901839
System control number (BD-RjUL)86220
040 ## - CATALOGING SOURCE
Original cataloging agency DLC
Transcribing agency DLC
Modifying agency DLC
-- BD-RjUL
Language of cataloging eng
041 ## - LANGUAGE CODE
Language code of text/sound track or separate title eng
042 ## - AUTHENTICATION CODE
Authentication code pcc
082 00 - DEWEY DECIMAL CLASSIFICATION NUMBER
Edition number 21
Classification number 307.336
Author mark and year BEY 2000
245 00 - TITLE STATEMENT
Title Beyond kinship :
Remainder of title social and material reproduction in house societies /
Statement of responsibility, etc. edited by Rosemary A. Joyce and Susan D. Gillespie ; foreword by Clark E. Cunningham.
260 ## - PUBLICATION, DISTRIBUTION, ETC. (IMPRINT)
Place of publication, distribution, etc. Philadelphia :
Name of publisher, distributor, etc. University of Pennsylvania Press,
Date of publication, distribution, etc. c2000.
300 ## - PHYSICAL DESCRIPTION
Pagination xii, 269 p. :
Illustrations ill., maps ;
Size 24 cm.
336 ## - CONTENT TYPE
Content type term text
Content type code txt
Source rdacontent
337 ## - MEDIA TYPE
Media type term unmediated
Media type code n
Source rdamedia
338 ## - CARRIER TYPE
Carrier type term volume
Carrier type code nc
Source rdacarrier
504 ## - BIBLIOGRAPHY, ETC. NOTE
Bibliography, etc Includes bibliographical references (p. [225]-259) and index.
650 #0 - SUBJECT ADDED ENTRY--TOPICAL TERM
Topical term or geographic name as entry element Dwellings.
9 (RLIN) 17802
Topical term or geographic name as entry element Vernacular architecture.
9 (RLIN) 17803
Topical term or geographic name as entry element Kinship.
Topical term or geographic name as entry element Material culture.
9 (RLIN) 2283
700 1# - ADDED ENTRY--PERSONAL NAME
Personal name Joyce, Rosemary A.,
Dates associated with a name 1956-
Personal name Gillespie, Susan D.,
Dates associated with a name 1952-
942 ## - ADDED ENTRY ELEMENTS (KOHA)
Source of classification or shelving scheme Dewey Decimal Classification
Koha item type Books
Holdings
Lost status Source of classification or shelving scheme Damaged status Not for loan Collection code Permanent Location Current Location Shelving location Date acquired Source of acquisition Cost, normal purchase price Total Checkouts Full call number Date last seen Copy number Koha item type
  Dewey Decimal Classification   Not For Loan Non-fiction Central Library, University of Rajshahi Central Library, University of Rajshahi Reading Room 24/02/2026 Book Finder, Dhaka 3333.00   307.336 BEY 2000 26/02/2026 C-1 Books
  Dewey Decimal Classification     Non-fiction Central Library, University of Rajshahi Central Library, University of Rajshahi General Stacks 24/02/2026 Book Finder, Dhaka 3333.00   307.336 BEY 2000 26/02/2026 C-2 Books